00459nam a2200157 a 4500008004100000020001500041050001900056100002500075245003600100246004000136260003800176300002300214350000900237500001800246650003700264120416s1981 ||||||||||||||||| || u a0225662795 aBL 2480.I2 Met aMetuh, Emefie Ikenga10aGod and man in African religion aa case study of the Igbo of Nigeria aLondon :bGeoffrey Chapmanc1981. axiv, 181 p. : ill. a0.00 aBibliography. aIgbo (African people) - Religion